[Event "Oberliga Nord W 1415"]
[Site "Germany"]
[Date "2014.10.19"]
[Round "2.4"]
[White "Baisakow, Alexander"]
[Black "Schmoldt, Ruediger"]
[Result "1-0"]
[WhiteElo "2184"]
[BlackElo "2107"]
[PlyCount "75"]
[EventDate "2014.09.22"]
[EventType "team-tourn"]
[EventRounds "9"]
[EventCountry "GER"]
[SourceTitle "EXT 2016"]
[Source "ChessBase"]
[SourceDate "2015.10.08"]
[SourceVersion "1"]
[SourceVersionDate "2015.10.08"]
[SourceQuality "1"]
[WhiteTeam "Nordhorn Blanke"]
[BlackTeam "Hildesheim"]
[WhiteTeamCountry "GER"]
[BlackTeamCountry "GER"]

1. e4 c6 2. Nf3 d5 3. exd5 cxd5 4. Ne5 Nf6 5. d4 g6 6. Bb5+ Nbd7 7. c4 Bg7 8. Nc3 0-0 9. 0-0 dxc4 10. Bxc4 Nb6 11. Bb3 Nbd5 12. Qf3 Be6 13. Bg5 Nxc3 14. bxc3 Nd5 15. Bh4 Bxe5 16. dxe5 Qa5 17. c4 Nb6 18. Bxe7 Rfe8 19. Bf6 Qc5 20. Qxb7 a5 21. Rfc1 a4 22. Bd1 Rab8 23. Qe4 Rec8 24. Qh4 Qb4 25. Be2 Nxc4 26. h3 Na5 27. Rxc8+ Bxc8 28. Qxb4 Rxb4 29. Rd1 Nc6 30. Bf3 Rd4 31. Rc1 Na7 32. e6 Rd6 33. e7 Bd7 34. Rc7 Bb5 35. Bc6 Bxc6 36. Rxc6 Rd1+ 37. Kh2 Re1 38. Rc7 1-0

[Event "Latschach op 30th"]
[Site "Latschach"]
[Date "2014.08.16"]
[Round "9"]
[White "Linnert, Peter"]
[Black "Schmoldt, Ruediger"]
[Result "1-0"]
[WhiteElo "2016"]
[BlackElo "2147"]
[PlyCount "83"]
[EventDate "2014.08.09"]
[EventType "swiss"]
[EventRounds "9"]
[EventCountry "AUT"]
[SourceTitle "CBM 161 Extra"]
[Source "ChessBase"]
[SourceDate "2014.08.29"]
[SourceVersion "1"]
[SourceVersionDate "2014.08.29"]
[SourceQuality "1"]

1. c4 g6 2. Nc3 Bg7 3. g3 d6 4. Bg2 Nf6 5. e4 0-0 6. Nge2 e5 7. d3 c6 8. 0-0 Nbd7 9. h3 Qc7 10. Be3 Re8 11. Rb1 b6 12. Qd2 Bb7 13. f4 Rad8 14. f5 d5 15. cxd5 cxd5 16. exd5 Qb8 17. Bg5 a6 18. Ne4 Nxe4 19. dxe4 f6 20. Be3 gxf5 21. Rxf5 Bc8 22. Bh6 Nf8 23. Bxg7 Bxf5 24. Bxf6 Rd6 25. Qg5+ Bg6 26. Bxe5 Qd8 27. Qf4 Rd7 28. Bf6 Qb8 29. Qg5 b5 30. Rd1 Ne6 31. Qg4 Qa7+ 32. Kh2 Ng7 33. Bd4 Qb7 34. e5 Bh5 35. Qe4 Bg6 36. Qf4 Rf7 37. Qd2 Rc8 38. e6 Rff8 39. d6 Be4 40. Bxg7 Bxg2 41. Bxf8 Rxf8 42. Nf4 1-0

[Event "Latschach op 30th"]
[Site "Latschach"]
[Date "2014.08.15"]
[Round "8"]
[White "Schmoldt, Ruediger"]
[Black "Holzleithner, Johannes"]
[Result "1-0"]
[WhiteElo "2147"]
[BlackElo "1944"]
[PlyCount "83"]
[EventDate "2014.08.09"]
[EventType "swiss"]
[EventRounds "9"]
[EventCountry "AUT"]
[SourceTitle "CBM 161 Extra"]
[Source "ChessBase"]
[SourceDate "2014.08.29"]
[SourceVersion "1"]
[SourceVersionDate "2014.08.29"]
[SourceQuality "1"]

1. e4 e6 2. d4 d5 3. e5 c5 4. c3 Nc6 5. Nf3 Qb6 6. a3 Nh6 7. b4 cxd4 8. Bxh6 gxh6 9. cxd4 Rg8 10. Nc3 Bd7 11. Na4 Qd8 12. Nc5 Qb6 13. Rb1 a5 14. Nxd7 Kxd7 15. b5 Na7 16. Qd3 Rg4 17. g3 Be7 18. Be2 Rag8 19. 0-0 h5 20. Rfd1 h4 21. Ne1 R4g6 22. Nc2 hxg3 23. hxg3 Bh4 24. Kh2 Qd8 25. Qf3 Ke8 26. Qf4 Bg5 27. Qf3 Bh4 28. Ne3 Bxg3+ 29. fxg3 Rh6+ 30. Kg2 Rhg6 31. Nf1 Qh4 32. Kf2 Qg5 33. Rbc1 h5 34. Qf4 Qxf4+ 35. gxf4 Rg2+ 36. Ke1 h4 37. Rc3 Rg1 38. Rh3 R8g3 39. Rxh4 Rxa3 40. Rh8+ Kd7 41. Rh7 a4 42. Rxf7+ 1-0

[Event "St Veit op-A 29th"]
[Site "St Veit"]
[Date "2010.07.12"]
[Round "3"]
[White "Schmoldt, Ruediger"]
[Black "Sucher, Johannes"]
[Result "1/2-1/2"]
[WhiteElo "2145"]
[BlackElo "2197"]
[PlyCount "132"]
[EventDate "2010.07.10"]
[EventType "swiss"]
[EventRounds "9"]
[EventCountry "AUT"]
[SourceTitle "CBM 137 Extra"]
[Source "ChessBase"]
[SourceDate "2010.09.01"]
[SourceVersion "1"]
[SourceVersionDate "2010.09.01"]
[SourceQuality "1"]

1. d4 d5 2. Nf3 Nf6 3. g3 Bf5 4. Bg2 e6 5. 0-0 Bd6 6. c4 c6 7. Nc3 0-0 8. Nh4 Bg4 9. Qc2 Nbd7 10. f3 Bh5 11. e4 Be7 12. cxd5 cxd5 13. exd5 Nxd5 14. Nxd5 exd5 15. Nf5 Bf6 16. Qb3 Nb6 17. Rd1 Re8 18. Bf4 g5 19. Be5 Bxe5 20. dxe5 Rxe5 21. g4 Bg6 22. f4 gxf4 23. Bxd5 Nxd5 24. Rxd5 Rxd5 25. Qxd5 Bxf5 26. Qxf5 Qd4+ 27. Kh1 Re8 28. Rf1 Re4 29. Rc1 Qe5 30. Qxe5 Rxe5 31. Rc2 Kg7 32. Kg2 Kg6 33. Kf3 f5 34. gxf5+ Kxf5 35. Rc7 Re3+ 36. Kf2 Rd3 37. Rxb7 Rd2+ 38. Kf3 Rd3+ 39. Kf2 h5 40. Rxa7 Rd2+ 41. Kf3 Rd3+ 42. Kf2 Kg4 43. Rg7+ Kh3 44. a4 Rd2+ 45. Kf3 Rxb2 46. a5 Ra2 47. Kxf4 Rxa5 48. Rg5 Ra4+ 49. Kf3 h4 50. Re5 Kxh2 51. Re2+ Kh3 52. Re1 Ra3+ 53. Kf2 Kh2 54. Re2 Rg3 55. Kf1+ Kh1 56. Re4 h3 57. Kf2 Rg8 58. Re1+ Kh2 59. Kf3 Rg3+ 60. Kf2 Rg2+ 61. Kf3 Rg1 62. Re2+ Kh1 63. Rf2 Ra1 64. Rb2 Kg1 65. Kg3 Ra3+ 66. Kh4 h2 1/2-1/2

[Event "St Veit op-A 29th"]
[Site "St Veit"]
[Date "2010.07.11"]
[Round "2"]
[White "Praznik, Anton"]
[Black "Schmoldt, Ruediger"]
[Result "1/2-1/2"]
[WhiteElo "2214"]
[BlackElo "2145"]
[PlyCount "45"]
[EventDate "2010.07.10"]
[EventType "swiss"]
[EventRounds "9"]
[EventCountry "AUT"]
[SourceTitle "CBM 137 Extra"]
[Source "ChessBase"]
[SourceDate "2010.09.01"]
[SourceVersion "1"]
[SourceVersionDate "2010.09.01"]
[SourceQuality "1"]

1. e4 e5 2. Nf3 Nc6 3. Bb5 a6 4. Ba4 Nf6 5. 0-0 Be7 6. Re1 b5 7. Bb3 0-0 8. a4 b4 9. c3 d5 10. d3 dxe4 11. dxe4 Qxd1 12. Bxd1 Rd8 13. Nbd2 Rb8 14. a5 bxc3 15. bxc3 Rd3 16. Nb1 Bc5 17. Bc2 Rd6 18. Nbd2 Be6 19. Ng5 Ng4 20. Re2 Rbd8 21. Nxe6 fxe6 22. Nf1 Rf8 23. Ne3 1/2-1/2

[Event "Latschach op 24th"]
[Site "Latschach"]
[Date "2008.08.12"]
[Round "5"]
[White "Schmoldt, Ruediger"]
[Black "Konow, Philipp"]
[Result "1/2-1/2"]
[WhiteElo "2141"]
[BlackElo "1860"]
[PlyCount "67"]
[EventDate "2008.08.09"]
[EventType "swiss"]
[EventRounds "9"]
[EventCountry "AUT"]
[SourceTitle "CBM 125 Extra"]
[Source "ChessBase"]
[SourceDate "2008.09.01"]
[SourceVersion "1"]
[SourceVersionDate "2008.09.01"]
[SourceQuality "1"]

1. d4 d5 2. Nf3 e6 3. c3 Bd6 4. Bg5 Nf6 5. e3 Nbd7 6. Nbd2 c5 7. Bd3 0-0 8. Qb1 Qc7 9. h4 Re8 10. g4 cxd4 11. Bxf6 Nxf6 12. cxd4 e5 13. dxe5 Bxe5 14. g5 Ne4 15. Nxe4 dxe4 16. Bxe4 Qa5+ 17. Nd2 Qb6 18. Bxh7+ Kf8 19. 0-0 Bh3 20. Bd3 Bxf1 21. Bxf1 Rac8 22. Nc4 Qb4 23. Nxe5 Rxe5 24. Qh7 Qg4+ 25. Bg2 Rec5 26. Kh2 Rc2 27. Rf1 R8c6 28. Bxc6 Rxc6 29. f3 Qa4 30. Qh8+ Ke7 31. Rf2 Rc2 32. Rxc2 Qxc2+ 33. Kg3 Qxb2 34. Qg8 1/2-1/2

[Event "Seefeld op 14th"]
[Site "Seefeld"]
[Date "2003.09.19"]
[Round "7"]
[White "Baumgartner, Armin"]
[Black "Schmoldt, Ruediger"]
[Result "0-1"]
[WhiteElo "1718"]
[BlackElo "1998"]
[PlyCount "108"]
[EventDate "2003.09.13"]
[EventType "swiss"]
[EventRounds "9"]
[EventCountry "AUT"]
[SourceTitle "CBM 097 Extra"]
[Source "ChessBase"]
[SourceDate "2004.01.13"]
[SourceVersion "1"]
[SourceVersionDate "2004.01.13"]
[SourceQuality "1"]

1. d4 Nf6 2. Nf3 d5 3. g3 e6 4. Bg2 Be7 5. 0-0 0-0 6. Nbd2 Nbd7 7. Re1 c6 8. c3 Re8 9. e4 dxe4 10. Nxe4 Nxe4 11. Rxe4 Nf6 12. Re1 Qb6 13. Qc2 Bd7 14. Be3 Qa5 15. Ne5 Red8 16. Nd3 b6 17. f4 Rac8 18. Kh1 Qh5 19. Qe2 Qxe2 20. Rxe2 c5 21. Ne5 Bb5 22. Rd2 Nd5 23. Bg1 c4 24. Re1 g6 25. Ng4 Bc6 26. Ne3 b5 27. Nxd5 Bxd5 28. Rde2 a5 29. Bxd5 Rxd5 30. Re5 Bd6 31. Rxd5 exd5 32. Be3 Rb8 33. Bd2 b4 34. Rc1 Re8 35. Re1 Rxe1+ 36. Bxe1 b3 37. axb3 cxb3 38. Bd2 a4 39. Bc1 Kg7 40. Kg2 Kf6 41. Kf3 h5 42. h3 Ke6 43. Ke3 g5 44. fxg5 Bxg3 45. Kd3 Kd7 46. c4 Kc6 47. Bd2 Bc7 48. c5 Kb5 49. Bc1 Ba5 50. Be3 Bb4 51. Bc1 Be1 52. Bf4 Bf2 53. Bc1 Bg1 54. Bd2 Bxd4 0-1

[Event "Seefeld op 14th"]
[Site "Seefeld"]
[Date "2003.09.13"]
[Round "1"]
[White "Heinig, Wolfram"]
[Black "Schmoldt, Ruediger"]
[Result "1-0"]
[WhiteElo "2299"]
[BlackElo "1998"]
[PlyCount "95"]
[EventDate "2003.09.13"]
[EventType "swiss"]
[EventRounds "9"]
[EventCountry "AUT"]
[SourceTitle "CBM 097 Extra"]
[Source "ChessBase"]
[SourceDate "2004.01.13"]
[SourceVersion "1"]
[SourceVersionDate "2004.01.13"]
[SourceQuality "1"]

1. d4 Nf6 2. c4 g6 3. Nc3 d5 4. Bf4 Bg7 5. Rc1 c6 6. e3 0-0 7. h3 Qa5 8. Nf3 Nbd7 9. Qd2 dxc4 10. Bxc4 b5 11. Bb3 b4 12. Na4 Ba6 13. a3 Qb5 14. Nc5 Nxc5 15. Rxc5 Qb6 16. Qxb4 Bb5 17. Rc1 a5 18. Qxe7 Ra7 19. Qc5 Qb7 20. Qc2 Re8 21. Ne5 Nd5 22. Bg3 a4 23. Ba2 Bxe5 24. Bxe5 Qe7 25. Qd2 Qg5 26. Bxd5 cxd5 27. Bg3 Rae7 28. Rc3 f5 29. h4 Qg4 30. Qd1 Qe4 31. f3 Qe6 32. Kf2 Qb6 33. b4 axb3 34. Qxb3 Qb7 35. Be5 Bc4 36. Qc2 Qd7 37. h5 g5 38. h6 Rf7 39. Rh5 Qd8 40. f4 gxf4 41. exf4 Re6 42. Rg3+ Rg6 43. Rhg5 Qb6 44. Qa4 Bb5 45. Qa8+ Rf8 46. Qxd5+ Rf7 47. Rxg6+ hxg6 48. h7+ 1-0

[Event "Seefeld op 12th"]
[Site "Seefeld"]
[Date "2001.09.21"]
[Round "7"]
[White "Sulyok, Michael"]
[Black "Schmoldt, Ruediger"]
[Result "1/2-1/2"]
[WhiteElo "2278"]
[BlackElo "2021"]
[PlyCount "23"]
[EventDate "2001.09.15"]
[EventType "swiss"]
[EventRounds "9"]
[EventCountry "AUT"]
[SourceTitle "EXT 2002"]
[Source "ChessBase"]
[SourceDate "2001.11.25"]
[SourceVersion "1"]
[SourceVersionDate "2001.11.25"]
[SourceQuality "1"]

1. g3 d6 2. Bg2 g6 3. c4 Bg7 4. Nc3 Nf6 5. e4 0-0 6. Nge2 c5 7. 0-0 Nc6 8. d3 a6 9. Rb1 e6 10. a3 Qc7 11. h3 Nd7 12. b4 1/2-1/2

[Event "Wilhelm Werner Memorial-M 25th"]
[Site "Bockenem"]
[Date "2000.06.01"]
[Round "2"]
[White "Markgraf, Alexander"]
[Black "Schmoldt, Ruediger"]
[Result "0-1"]
[WhiteElo "2259"]
[BlackElo "2035"]
[PlyCount "92"]
[EventDate "2000.05.31"]
[EventType "tourn"]
[EventRounds "7"]
[EventCountry "GER"]
[SourceTitle "EXT 2008"]
[Source "ChessBase"]
[SourceDate "2007.11.25"]
[SourceVersion "1"]
[SourceVersionDate "2007.11.25"]
[SourceQuality "1"]

1. e4 e5 2. Nf3 Nc6 3. Bc4 Be7 4. d4 d6 5. h3 Nf6 6. Nc3 0-0 7. Bb3 a6 8. 0-0 b5 9. Re1 Nxd4 10. Nxd4 exd4 11. Nd5 c5 12. c3 c4 13. Nxe7+ Qxe7 14. Bc2 d3 15. Bb1 Bb7 16. a4 Rfe8 17. Bd2 Qd7 18. f3 Nh5 19. b3 Ng3 20. Ba2 Ne2+ 21. Rxe2 dxe2 22. Qxe2 d5 23. e5 Qf5 24. f4 Qc2 25. Qd1 Qxd1+ 26. Rxd1 f6 27. exf6 gxf6 28. Kf2 Re7 29. Re1 Rxe1 30. Kxe1 Kf7 31. a5 h5 32. Be3 Rg8 33. Kf1 d4 34. Bxd4 Bxg2+ 35. Ke1 Bxh3 36. bxc4 Be6 37. Bb1 Bxc4 38. Kf2 h4 39. Bf5 Be6 40. Be4 f5 41. Bg2 Bc4 42. Be5 Ke6 43. Bd4 Bd5 44. Bf1 Rg3 45. Be5 Rf3+ 46. Kg1 h3 0-1

[Event "Wilhelm Werner Memorial-M 25th"]
[Site "Bockenem"]
[Date "2000.06.01"]
[Round "3"]
[White "Schmoldt, Ruediger"]
[Black "Hoexter, Heinrich"]
[Result "1/2-1/2"]
[WhiteElo "2035"]
[BlackElo "2179"]
[PlyCount "30"]
[EventDate "2000.05.31"]
[EventType "tourn"]
[EventRounds "7"]
[EventCountry "GER"]
[SourceTitle "EXT 2008"]
[Source "ChessBase"]
[SourceDate "2007.11.25"]
[SourceVersion "1"]
[SourceVersionDate "2007.11.25"]
[SourceQuality "1"]

1. e4 Nf6 2. e5 Nd5 3. Bc4 Nb6 4. Bb3 c5 5. d3 d5 6. exd6 Qxd6 7. Nf3 Be6 8. 0-0 Bxb3 9. axb3 Nc6 10. Nc3 e6 11. Re1 Be7 12. Be3 Nd7 13. Nb5 Qb8 14. Qd2 a6 15. Nc3 Nf6 1/2-1/2